| 000 | 00811nam a2200241 i 4500 | ||
|---|---|---|---|
| 001 | bg | ||
| 100 | 1 |
_aMALKO, Jacek _d(1937- ) |
|
| 245 | 1 | 0 |
_aRynki energii : _bdziałania marketingowe / _cJacek Malko, Artur Wilczyński. |
| 260 |
_aWrocław : _bOficyna Wydawnicza Politechniki Wrocławskiej, _c2006. |
||
| 300 |
_a265 s. : _bil. (w tym kolor.) ; _c24 cm. |
||
| 504 | _aBibliogr. przy rozdz. | ||
| 650 | 9 |
_aEnergetyka _xmarketing |
|
| 700 | 1 | _aWILCZYŃSKI, Artur | |
| 015 | _aPB 15128/2006 | ||
| 020 | _a8370859429 | ||
| 040 | _cBPK | ||
| 041 | _apol | ||
| 080 | _a339.166:339.138:621.31.003 | ||
| 920 | _a83-7085-942-9 | ||
| 942 | _cKS | ||
| 008 | s pl f |000 0 pol | ||
| 999 |
_c51972 _d51972 |
||
| 856 |
_uhttp://koha.tu.koszalin.pl/cgi-bin/koha/opac-detail.pl?biblionumber=51972 _yKatalog online BPK |
||